LEADER 00713nam a2200169 i 4500 001 000000232047 003 CaOOAMICUS 005 20140818000000.0 008 140818s1838 it u000 u ita u 013 $a210950 040 $aSeMil$bita 245 10$aTesto. Vol. 12. 300 $a511 p. 773 0 $tSacra Bibbia di Vence.$bGiusta la quinta edizione del signor Drach con atlante e carte iconografiche corredata di nuove illustrazioni ... per cura del prof. Bartolomeo Catena.$dMilano : Presso Ant. Fort. Stella e figli, 1830-1840.$g12$w()30340 850 $aSeMil 852 $aSeMil$W1$xVenegono$y1$m2Y III 37 FA$j182393$B182393$CSeMilBibl$Z2$F193416 $8I 996 $6245$aTesto. Vol. 12$9(OLS)http://semarc/title/331139 LEADER 01291nam a2200301 i 4500 001 000000117047 003 CaOOAMICUS 005 20030709000000.0 008 030709s1978 fr u000 u fre u 013 $a89736 020 $a2-85009-044-1 040 $aSeMil$bita 245 12$aL'engagement :$b1845-1849 /$couvrage publié avec le concours du Centre National de la Recherche Scientifique. 250 $aEd. critique sous la direction de. 260 $aParis :$bCelse,$ccopyr. 1978. 300 $a640 p., [1] c. di ritr. 500 $aFondo Card. C.M. Martini. - Vol. 1 e 2. rispettivamente in 3J-V-175 e 3J-V-176. 700 1 $aOzanam, Didier.$0(OLS)http://semarc/name/48825 700 1 $aBarbiche, Bernard.$0(OLS)http://semarc/name/48834 710 2 $aCNRS .$0(OLS)http://semarc/name/1698 773 0 $aOzanam, Antoine-Frédéric $tLettres de Frédéric Ozanam.$w()9698 850 $aSeMil 852 $aSeMil$W1$xVenegono$y1$m3J V 177$j72447$B72447$CSeMilBibl$Z2$F90291 $81 941 1 $a4 961 $aOmaggio: Martini Card. Carlo Maria 996 $6020$a2-85009-044-1$9(OLS)http://semarc/number/101333 996 $6245$aL'engagement :$b1845-1849$9(OLS)http://semarc/title/171757 996 $6260$aParis :$bCelse$9(OLS)http://semarc/publisher/45623